Normal view
MARC view
Entry Personal Name
001 - CONTROL NUMBER
- control field: 1056
003 - CONTROL NUMBER IDENTIFIER
- control field: PK-NaQUE
005 - DATE AND TIME OF LATEST TRANSACTION
- control field: 20260630122831.0
008 - FIXED-LENGTH DATA ELEMENTS
- fixed length control field: 260630|| aca||aabn | a|a d
040 ## - CATALOGING SOURCE
- Original cataloging agency: PK-NaQUE
- Transcribing agency: PK-NaQUE
100 ## - HEADING--PERSONAL NAME
- Personal name: Bell, Peter Charles
670 ## - SOURCE DATA FOUND
- Source citation: Work cat.: (PK-NaQUE)12284: Bell, Peter Charles, Mechanical Prime Movers, 1971.